000 00813nab a2200265 4500
003 BR-BrBNA
005 20250408115145.0
008 250407b bl.||||| |||| 00| 0 por d
040 _aBR-BrBNA
_bpor
072 _aF01 ; A50 ; E13 ; E16
_b2760
100 _aStefano, Fabiane
245 _aTabaco do bem
_bAgrotecnologia
500 _a4 illus.
650 _aTABACO
650 _aFUMO
650 _aPLANTA MEDICINAL
650 _aPESQUISA
650 _aINVESTIMENTO
650 _aVACINA
650 _aREMÉDIO
650 _aINOVAÇÃO TECNOLÓGICA
773 0 _01706
_9346353
_dSão Paulo-SP Editora Três Ltda - E-mail: luizfsa@revistadinheiro.com.br 2004
_o2024-7016
_tDinheiro Rural (Brazil)
_x1807-3700
_gv. 3(23) p. 36-38; (Sep 2006)
_wBR2025000536
942 _cANA
999 _c330901
_d330901